000 02097nam2a2200397 4500
001 v19\rc\1851569
005 20260406060401.0
035 _a(NLR Aleph) 004946727
090 _a5839115
_c5839115
100 _a20080221d1909 k y0rusy50 ca
101 0 _arus
102 _aRU
105 _ay z |||||
200 1 _aК вопросу о платежных книгах и платежницах
_fК.И. Зайцев
210 _d1909
215 _a16 с.
_d24
300 _aВ примеч.: "Настоящая работа доложена на практических занятиях Экономического отделения в 1907-8 г., у профессора М. Дьяконова"
461 0 _1001v19\rc\2060290
_12001#$aТруды студентов Экономического отделения С.-Петербургского политехнического института$v№ 3
_94766905
_aСанкт-Петербургский политехнический институт. Экономическое отделение
_cС.-Петербург
_d1909-1916
_nС.-Петербургский политехнический институт
_o№ 1-20
_tТруды студентов Экономического отделения С.-Петербургского политехнического института
_v№ 3
606 1 _aПодушная подать
_yРоссия
_92593408
_3RU\NLR\AUTH\6601742127
686 1 _aХ2(2)46-512
686 1 _aУ26(28)141.319.219
700 0 _8rus
_7ca
_aКонстантин
_cЗайцев, Кирилл Иосифович
_cархимандрит
_f1887-1975
_3RU\NLR\AUTH\7710620
_9120387
801 0 _aRU
_bNLR
_gpsbo
801 0 _aRU
_bRuMoRGB
_2psbo
801 1 _aRU
_bProSoft-M
_2rusmarc
801 2 _aRU
_bNLR
_c20131220
_2rusmarc
852 _aNLR
_j38.77.7.169 (3)
899 _aRuMoRGB
_jXXIV 9/18 (№ 3)
899 _aRuMoRGB
_jXXIV 9/19 (№ 3)
899 _aRuMoRGB
_jXXIV 9/20 (№ 3)
899 _aБАН
899 _aГПИБ
899 _aНБ МГУ
942 _cBOOK
980 _aNB